000 00773cam a2200217 a 4500
001 689591
005 20250123181813.0
008 960312s1996 mouaf 000 0aeng
020 _a0570048761
050 0 0 _aBX8080.H545
_bA3 1996
082 0 0 _a284.1/092
_aB
_220
100 1 _aHoffmann, Oswald C. J.
245 1 0 _aWhat more is there to say but Amen :
_bthe autobiography of Dr. Oswald C.J. Hoffmann as told to Ronald J. Schlegel /
_cOswald C.J. Hoffmann.
260 _aSt. Louis :
_bCPH,
_cc1996.
300 _a367 p., [16] p. of plates :
_bill. ;
_c24 cm.
650 0 _aLutherans
_zUnited States
_xBiography.
650 0 _aLutheran Church
_xClergy
_xBiography.
650 0 _aClergy
_zUnited States
_xBiography.
700 1 _aSchlegel, Ronald J.,
_d1933-
942 _2lcc
_cBK
_n0
999 _c2961
_d2961